000 nam a22 7a 4500
999 _c329170
_d329170
003 Nust
005 20170425155605.0
008 170425b xxu||||| |||| 00| 0 eng d
040 _cDLC
082 _a891.4393 FAR
100 _aفاروقی،طاہر منصور
245 _aبلونت سنگھ کے بے مثال افسانے
260 _aLahore :
_bAlhamd Publications,
300 _a332p. :
942 _2ddc
_cBK